000 00472 a2200157 4500
020 _a9693515250
082 _a954.9142
090 _c7059
_d7059
100 _aSalman, Rashid
245 _aPrisoner on a Bus
_bTravels through Pakistan
_cSalman, Rashid
260 _aPakistan
_bSang-eMeel Publications
_c2003
300 _a200 p.
_b;ill.
_c25 cm.
500 _aIncludes bibliograhical references and index
650 _a1. History-Pakistan-Travels.
942 _cBK
_k954.9142 SAL
999 _c10867
_d10867